[Event "GRE-chT 41st"]
[Site "Achaia"]
[Date "2013.07.04"]
[Round "3.2"]
[White "Argiroudis, Stamatis"]
[Black "Sklavounos, Panagis"]
[Result "1-0"]
[WhiteElo "2348"]
[BlackElo "1895"]
[PlyCount "31"]
[EventDate "2013.07.02"]
[EventType "team-swiss"]
[EventRounds "7"]
[EventCountry "GRE"]
[SourceTitle "CBM 155 Extra"]
[Source "ChessBase"]
[SourceDate "2013.08.26"]
[SourceVersion "1"]
[SourceVersionDate "2013.08.26"]
[SourceQuality "1"]
[WhiteTeam "Triandrias PG"]
[BlackTeam "Glifadas Zenon"]
[WhiteTeamCountry "GRE"]
[BlackTeamCountry "GRE"]

1. d4 Nf6 2. Nf3 e6 3. e3 b6 4. Bd3 Bb7 5. 0-0 c5 6. b3 Qc7 7. Bb2 Be7 8. c4 0-0 9. Nc3 Nc6 10. d5 Nb4 11. e4 Nxd3 12. Qxd3 exd5 13. exd5 a6 14. Rfe1 Qd6 15. Nb5 axb5 16. Be5 1-0